|
|
|
|
| LEADER |
00000nam0a2200000 4500 |
| 001 |
158867 |
| 005 |
20231101222052.0 |
| 010 |
|
|
|a 9785902665458
|
| 035 |
|
|
|a (RuTPU)RU\TPU\book\172299
|
| 090 |
|
|
|a 158867
|
| 100 |
|
|
|a 20090429d2009 km y0rusy50 ca
|
| 101 |
0 |
|
|a rus
|
| 102 |
|
|
|a RU
|
| 105 |
|
|
|a a z 001zy
|
| 200 |
1 |
|
|a Прокладка и балластировка газопроводов в сложных условиях
|f В. М. Шарыгин, А. Я. Яковлев
|g Газпром ; Газпром трансгаз Ухта
|
| 210 |
|
|
|a Москва
|c ЦентрЛитНефтеГаз
|d 2009
|
| 215 |
|
|
|a 228 с.
|c ил.
|
| 320 |
|
|
|a Библиогр.: с. 195-211.
|
| 330 |
|
|
|a Выполнена систематизация методов прокладки и закрепления трубопроводов в условиях болотистых, обводняемых и вечномерзлых грунтов. Представлены экспериментальные результаты теплового взаимодействия газопроводов с грунтами на головном отрезке трассы МГ Ямбург-Центр. Приведены методы и результаты разработки новых конструктивно-технологических решений по прокладке и балластировке газопроводов с использованием синтетических материалов. Даны примеры внедрения этих решений при строительстве и ремонте газопроводов в ООО «Тюментрансгаз» и 000 «Севергазпром».
|
| 606 |
1 |
|
|a Газопроводы магистральные
|x Прокладка и монтаж
|2 stltpush
|3 (RuTPU)RU\TPU\subj\5120
|9 33270
|
| 610 |
1 |
|
|a трубопроводы
|
| 610 |
1 |
|
|a обводненные участки
|
| 610 |
1 |
|
|a вечномерзлые грунты
|
| 610 |
1 |
|
|a железобетонные утяжелители
|
| 610 |
1 |
|
|a вмораживаемые анкеры
|
| 610 |
1 |
|
|a искривленные участки
|
| 610 |
1 |
|
|a расчетно-экспериментальные исследования
|
| 610 |
1 |
|
|a балластировка
|
| 610 |
1 |
|
|a магистральный трубопроводный транспорт
|
| 675 |
|
|
|a 622.691.4.076
|v 3
|
| 700 |
|
1 |
|a Шарыгин
|b В. М.
|g Валерий Михайлович
|
| 701 |
|
1 |
|a Яковлев
|b А. Я.
|g Анатолий Яковлевич
|
| 712 |
0 |
2 |
|a Газпром
|c Открытое Акционерное Общество
|c (Москва)
|2 stltpush
|3 (RuTPU)RU\TPU\col\11
|
| 712 |
0 |
2 |
|a Газпром трансгаз Ухта
|c Общество с ограниченной ответственностью
|c (2008- )
|2 stltpush
|3 (RuTPU)RU\TPU\col\15065
|9 26081
|
| 801 |
|
1 |
|a RU
|b 63413507
|c 20090429
|g PSBO
|
| 801 |
|
2 |
|a RU
|b 63413507
|c 20150728
|g RCR
|
| 942 |
|
|
|c BK
|
| 959 |
|
|
|a 56/20090428
|d 2
|e 0
|f АНЛ:1
|f ЧЗТЛ:1
|